Nalaganje...

Marriage and family in India.

Bibliografske podrobnosti
Glavni avtor: Kapadia
Format: Printed Book
Izdano: Calcutta : Oxford University Press, 1989.
Izdaja:3rd.Ed.
Teme:
LEADER 00489nam a22001457a 4500
082 |a 306.809 54  |b KAP/M 
100 |a Kapadia. 
245 |a Marriage and family in India. 
250 |a 3rd.Ed. 
260 |a Calcutta :  |b Oxford University Press,  |c 1989. 
300 |a 395p.; 
650 |a Marriage.  |z India. 
942 |c BK 
999 |c 99250  |d 99250 
952 |0 0  |1 0  |4 0  |6 306_809000000000000_54_KAP_M  |7 0  |9 92479  |a SSS  |b SSS  |c GEN  |d 2012-02-07  |g 82.50  |l 2  |o 306.809 54 KAP/M  |p SSS00084  |r 2013-03-19  |s 2013-03-19  |w 2016-10-27  |y BK